| 000 | 00446nam a2200145 i 4500 | ||
|---|---|---|---|
| 001 | 62175 | ||
| 003 | ES-MaACL | ||
| 007 | t| | ||
| 008 | 031118s1974 sp ||||1| spa d | ||
| 111 | 2 |
_aFeria de la Creatividad Española ( _d1973) _9724 |
|
| 245 | 1 | 0 | _aFeria 73 de la Creatividad Española. |
| 260 |
_a[Madrid : _bInformación de Publicidad y Marketin, _c1974] |
||
| 300 |
_a404, XXIV p. : _bil. ; _c27 cm. |
||
| 852 |
_aES-MaACL _jE-5745 _bR.90086 |
||
| 999 |
_c62175 _d62175 |
||